MARC

LEADER 00000nam0a2200000 4500
001 47762
005 20231031030516.0
035 |a (RuTPU)RU\TPU\book\49900 
090 |a 47762 
100 |a 20030221d1984 k y0rusy50 ca 
101 0 |a rus 
102 |a RU 
105 |a a z 001zy 
200 1 |a Практическая стратиграфия  |a Разработка стратиграфической базы крупномасштабных геологосъемочных работ  |f И. В. Васильев, В. Н. Верещагин, В. Д. Вознесенский и др.  |g Всесоюзный научно-исследовательский геологический институт им. А. П. Карпинского; Под ред. И. Ф. Никитина, А. И. Жамойды 
210 |a Ленинград  |c Недра  |d 1984 
215 |a 320 с.  |c ил. 
300 |a Авт. указаны на обороте тит. л. 
320 |a Библиогр.: с. 310-314. 
610 1 |a геология 
610 1 |a стратиграфия 
610 1 |a геологосъемочные работы 
610 1 |a стратиграфические комплексы 
610 1 |a исследования 
610 1 |a разработка 
610 1 |a СССР 
610 1 |a отложения 
610 1 |a корреляция 
610 1 |a геологическое строение 
610 1 |a геологическая съемка 
610 1 |a полезные ископаемые 
610 1 |a поиск 
610 1 |a разрезы 
610 1 |a стратиграфический кодекс 
675 |a 551.7  |v 3 
675 |a 550.8:528  |v 3 
701 1 |a Васильев  |b И. В. 
701 1 |a Верещагин  |b В. Н. 
701 1 |a Вознесенский  |b В. Д. 
701 1 |a Донских  |b В. В. 
701 1 |a Жамойда  |b А. И. 
701 1 |a Загрузина  |b И. А. 
702 1 |a Никитин  |b И. Ф.  |g Игорь Федорович  |4 340 
702 1 |a Жамойда  |b А. И.  |4 340 
712 0 2 |a Всероссийский научно-исследовательский геологический институт им. А. П. Карпинского (ВСЕГЕИ)  |c (Санкт-Петербург)  |2 stltpush  |3 (RuTPU)RU\TPU\col\414 
801 1 |a RU  |b 63413507  |c 20030221  |g PSBO 
801 2 |a RU  |b 63413507  |c 20150521  |g PSBO 
942 |c BK